000 00648nam a22002177a 4500
001 696
003 BD-RjUL
005 20211208233223.0
008 131123s1972 bg ||||| |||| 000 0 eng d
035 _a(BD-RjUL)716
040 _aBD-RjUL
_beng
_cBD-RjUL
041 _aeng
082 _a025.43
_bSID 1972
100 1 _a Siddique, Abu Bakr
_91756
245 1 _aDDC number building and number analysis :
_ba mathematical synposis /
_cAbu Bakr Siddique
260 _aDacca, Bangladesh :
_bAbu Bakr Siddique,
_c1972.
300 _axiii, 66 p. ;
_c25 cm.
650 0 0 _aClassification
_vDewey decimal
_91750
700 1 _aKhan, M. S.
_92086
942 _2ddc
_cBK
999 _c696
_d696